Online Catalogue and eLibrary

Ecological Feminism (Record no. 1332)

MARC details
000 -LEADER
fixed length control field 00435nam a2200169Ia 4500
005 - DATE AND TIME OF LATEST TRANSACTION
control field 20241217014011.0
008 - FIXED-LENGTH DATA ELEMENTS--GENERAL INFORMATION
fixed length control field 240331s9999 xx 000 0 und d
020 ## - INTERNATIONAL STANDARD BOOK NUMBER
ISBN 0415072972
082 ## - DDC Classification
Item Number - Author Mark KAR
DDC Edition Number 3952
Class No. 304.2
245 #0 - TITLE STATEMENT
Title Ecological Feminism
Remainder of title Environmental Philosophies
260 ## - PUBLICATION, DISTRIBUTION, ETC.
Place of publication, distribution, etc. New York
Name of publisher, distributor, etc. Routledge
Date of publication, distribution, etc. 1994
300 ## - PHYSICAL DESCRIPTION
Extent (e.g. Volumes, Pages etc.) xiii, 209 p.,
650 ## - SUBJECT ADDED ENTRY--TOPICAL TERM
Topical term or geographic name entry element Feminism
650 ## - SUBJECT ADDED ENTRY--TOPICAL TERM
Topical term or geographic name entry element Philosophy
700 ## - ADDED ENTRY--PERSONAL NAME
Personal name Warren, K. J
Relator term (Role) Editor
942 ## - Koha item type (Biblio)
Koha item type Books in Stacks (Lending)
Holdings
Lost status Damaged status Collection code Home library Current library Shelving location Date acquired Full call number Accession Number Item type
    Lending WERC Library WERC Library Social Science Cupboard 03/31/2024 304.2 ECO 3952 Books in Stacks (Lending)

© WERC Library